[Event "Krajsky prebor jednotlivcu KHSS"]
[Site "Janske Lazne"]
[Date "2015.05.05"]
[Round "1.25"]
[White "Rojikova, Lenka"]
[Black "Dumkova, Daniela"]
[Result "1/2-1/2"]
[WhiteElo "1969"]
[BlackElo "1698"]
[PlyCount "87"]
[EventDate "2015.05.05"]

1. e4 c5 2. Nf3 d6 3. d4 cxd4 4. Nxd4 Nf6 5. Nc3 Nc6 6. Bg5 Bd7 7. Be2 a6 8.
Qd2 b5 9. Bxf6 gxf6 10. Bh5 e6 11. O-O Qb6 12. Nxc6 Bxc6 13. Rfe1 Qc5 14. Qe2
Rg8 15. Nd5 Bxd5 16. exd5 e5 17. Qe4 h6 18. Qf5 Ra7 19. Qe6+ Re7 20. Bxf7+ Kd8
21. Qxf6 Bg7 22. Qh4 Rf8 23. Be6 Rf4 24. Qg3 b4 25. Qe3 Rc7 26. a3 a5 27. Qxc5
Rxc5 28. axb4 Rxb4 29. b3 Rxc2 30. Rxa5 Rxb3 31. Ra8+ Ke7 32. g3 Kf6 33. Ra7
Kg6 34. Re4 h5 35. Bf7+ Kf5 36. Rh4 Rb1+ 37. Kg2 Rbb2 38. Bxh5 Rxf2+ 39. Kg1
Rg2+ 40. Kh1 Rgd2 41. Ra1 Rxd5 42. Bf7 Rdd2 43. Rf1+ Rf2 44. Rxf2+ 1/2-1/2

[Event "Krajsky prebor jednotlivcu KHSS"]
[Site "Janske Lazne"]
[Date "2015.05.05"]
[Round "1.26"]
[White "Vorisek, Jakub"]
[Black "Tovarek, Antonin"]
[Result "1/2-1/2"]
[WhiteElo "1675"]
[BlackElo "1963"]
[PlyCount "89"]
[EventDate "2015.05.05"]

1. e4 c5 2. Nf3 Nc6 3. d4 cxd4 4. Nxd4 e5 5. Nb5 d6 6. N1c3 a6 7. Na3 b5 8. Nd5
Nge7 9. Bg5 h6 10. Bh4 Qa5+ 11. c3 Nxd5 12. Qxd5 Qb6 13. Be2 Be6 14. Qd2 Be7
15. Bg3 Bg5 16. f4 Bxf4 17. Bxf4 exf4 18. Qxf4 Ne5 19. Qf2 Qc6 20. Qd4 O-O 21.
O-O Rac8 22. Nc2 Nc4 23. Nb4 Qb7 24. Bxc4 Rxc4 25. Qxd6 Qxe4 26. Rae1 Qa8 27.
Qxa6 Qxa6 28. Nxa6 Ra4 29. Nb4 Bxa2 30. Ra1 Bb3 31. Rxa4 bxa4 32. Re1 Rd8 33.
Kf2 Bc4 34. Ke3 Re8+ 35. Kf2 Rxe1 36. Kxe1 f5 37. Kf2 Kf7 38. Ke3 Bf1 39. Kf2
Bb5 40. Ke3 g5 41. Kd4 Ke6 42. c4 Bd7 43. g3 Bc8 44. c5 h5 45. Nd3 1/2-1/2

[Event "Krajsky prebor jednotlivcu KHSS"]
[Site "Janske Lazne"]
[Date "2015.05.05"]
[Round "1.27"]
[White "Chalupecky, Vladimir"]
[Black "Hatas, Radim"]
[Result "1-0"]
[WhiteElo "1962"]
[BlackElo "1642"]
[PlyCount "41"]
[EventDate "2015.05.05"]

1. e4 Nf6 2. e5 Nd5 3. c4 Nb6 4. d4 d6 5. f4 dxe5 6. fxe5 Bf5 7. Be3 e6 8. Nf3
Nc6 9. a3 Be7 10. d5 Nb8 11. Nc3 Bg4 12. Bxb6 axb6 13. Qd4 Bxf3 14. gxf3 Bc5
15. Qg4 O-O 16. Rd1 Qe7 17. f4 Nd7 18. dxe6 f5 19. Qf3 Qxe6 20. Qd5 Kf7 21.
Qxd7+ 1-0

[Event "Krajsky prebor jednotlivcu KHSS"]
[Site "Janske Lazne"]
[Date "2015.05.06"]
[Round "2.1"]
[White "Safarik, Jakub"]
[Black "Vojta, Tomas"]
[Result "0-1"]
[WhiteElo "2138"]
[BlackElo "2369"]
[PlyCount "74"]
[EventDate "2015.05.05"]
[WhiteClock "0:15:33"]
[BlackClock "0:11:31"]

1. b3 e5 2. Bb2 Nc6 3. e3 d6 4. c4 Nf6 5. g3 g6 6. Bg2 Bg7 7. d3 O-O 8. Ne2 Bf5
9. h3 e4 10. g4 exd3 11. Ng3 Be6 12. Qxd3 Qe7 13. O-O Rad8 14. e4 Rfe8 15. Nd2
Nb4 16. Qe2 c5 17. f4 Nh5 18. gxh5 Bxb2 19. Rad1 Nc6 20. Nf3 Bg7 21. Ng5 Bd7
22. Kh2 Nd4 23. Qd3 Bc6 24. hxg6 fxg6 25. Nf3 Ne6 26. Ng1 Qh4 27. f5 Nf4 28.
Qf3 Be5 29. fxg6 hxg6 30. Qg4 Qxg4 31. hxg4 Kg7 32. Nf3 Nxg2 33. Kxg2 Bxg3 34.
Kxg3 Rxe4 35. Rfe1 Rxe1 36. Rxe1 Re8 37. Kf4 Rf8+ 0-1

[Event "Krajsky prebor jednotlivcu KHSS"]
[Site "Janske Lazne"]
[Date "2015.05.06"]
[Round "2.2"]
[White "Kozusek, Daniel"]
[Black "Pycha, Patrik"]
[Result "1-0"]
[WhiteElo "2337"]
[BlackElo "2142"]
[PlyCount "117"]
[EventDate "2015.05.05"]
[WhiteClock "0:25:08"]
[BlackClock "0:02:49"]

1. e4 e6 2. d4 d5 3. Nd2 Nf6 4. e5 Nfd7 5. Bd3 c5 6. c3 Nc6 7. Ne2 cxd4 8. cxd4
f6 9. Nf4 Nxd4 10. Qh5+ Ke7 11. exf6+ Nxf6 12. Ng6+ hxg6 13. Qxh8 Kf7 14. Qh4
e5 15. Nf3 Nxf3+ 16. gxf3 Bf5 17. Bxf5 gxf5 18. Bg5 Qa5+ 19. Kf1 Be7 20. Kg2 d4
21. Rhe1 Rc8 22. Rac1 Rxc1 23. Rxc1 Qd8 24. Qh3 Qd7 25. Bxf6 Bxf6 26. Qh5+ Kg8
27. f4 d3 28. fxe5 Bxe5 29. Rd1 Bxb2 30. Qf3 Qc6 31. Rxd3 a5 32. Rb3 Qg6+ 33.
Kf1 Qa6+ 34. Qe2 Be5 35. Qxa6 bxa6 36. h3 Kf7 37. Rb6 Bc3 38. Rxa6 g6 39. Ke2
Bb4 40. a4 Kg7 41. Rb6 Be7 42. Rb5 Bd8 43. Rb8 Be7 44. Kd3 Kf6 45. Kd4 Kg5 46.
Ke3 Bc5+ 47. Kf3 Bd6 48. Rb6 Bc7 49. Rc6 Bd8 50. Ra6 Kh5 51. Kg2 Bc7 52. f4 g5
53. fxg5 Kxg5 54. Kf3 Bd8 55. h4+ Kxh4 56. Kf4 Bc7+ 57. Kxf5 Kg3 58. Ke6 Kf4
59. Kd7 1-0

[Event "Krajsky prebor jednotlivcu KHSS"]
[Site "Janske Lazne"]
[Date "2015.05.06"]
[Round "2.3"]
[White "Juricek, Stanislav"]
[Black "Karlik, Vladimir"]
[Result "1/2-1/2"]
[WhiteElo "2097"]
[BlackElo "2312"]
[PlyCount "32"]
[EventDate "2015.05.05"]
[WhiteClock "0:55:39"]
[BlackClock "0:49:26"]

1. e4 c5 2. c4 Nc6 3. Nc3 g6 4. g3 Bg7 5. Bg2 a6 6. Nge2 b5 7. d3 Rb8 8. O-O d6
9. h3 bxc4 10. dxc4 Nf6 11. b3 O-O 12. Bb2 Ne5 13. Qc2 Bb7 14. Rfd1 Qc7 15. Nd5
Bxd5 16. exd5 Ned7 1/2-1/2

[Event "Krajsky prebor jednotlivcu KHSS"]
[Site "Janske Lazne"]
[Date "2015.05.06"]
[Round "2.4"]
[White "Kowalczyk, Pawel"]
[Black "Haman, Jakub"]
[Result "1-0"]
[WhiteElo "2292"]
[BlackElo "2137"]
[PlyCount "65"]
[EventDate "2015.05.05"]
[WhiteClock "0:49:19"]
[BlackClock "0:31:04"]

1. Nf3 Nf6 2. g3 b6 3. Bg2 Bb7 4. O-O e6 5. c4 c5 6. Nc3 Be7 7. Re1 d6 8. e4 a6
9. b3 O-O 10. d4 cxd4 11. Nxd4 Qc7 12. Qd2 Nc6 13. Bb2 Rac8 14. Nc2 Rfd8 15.
Rad1 Qb8 16. h3 Ba8 17. Qe2 Rc7 18. f4 Bf8 19. Rd2 Rcd7 20. Red1 Qc7 21. Kh2
Ne8 22. Ne3 g6 23. h4 Bg7 24. h5 Ne7 25. f5 Nf6 26. fxe6 fxe6 27. Bh3 Kf7 28.
Rf1 Neg8 29. hxg6+ hxg6 30. Ng4 Ke7 31. Nd5+ Bxd5 32. exd5 e5 33. Nxe5 1-0

[Event "Krajsky prebor jednotlivcu KHSS"]
[Site "Janske Lazne"]
[Date "2015.05.06"]
[Round "2.5"]
[White "Sedivy, Martin"]
[Black "Tazlar, Petr"]
[Result "1/2-1/2"]
[WhiteElo "2049"]
[BlackElo "2229"]
[PlyCount "67"]
[EventDate "2015.05.05"]
[WhiteClock "0:41:50"]
[BlackClock "0:29:09"]

1. b3 Nf6 2. Bb2 d5 3. Nf3 Nbd7 4. c4 e6 5. e3 Be7 6. Be2 O-O 7. O-O b6 8. d3
Bb7 9. Nbd2 c5 10. Qc2 Rc8 11. a4 Bd6 12. Rfe1 Bb8 13. Rad1 Qc7 14. Qb1 Rfe8
15. Qa1 e5 16. cxd5 Nxd5 17. e4 Nb4 18. Qb1 Nf8 19. Nc4 f6 20. Nh4 Nc6 21. Nf5
Rcd8 22. g3 Ne6 23. Nce3 Ncd4 24. Nxd4 Nxd4 25. Bxd4 Rxd4 26. Nc2 Rd6 27. Ne3
g6 28. Qc2 Kg7 29. f3 a6 30. Rc1 Rd4 31. Kg2 Qd8 32. a5 Ba7 33. axb6 Qxb6 34.
Nc4 1/2-1/2

[Event "Krajsky prebor jednotlivcu KHSS"]
[Site "Janske Lazne"]
[Date "2015.05.06"]
[Round "2.6"]
[White "Moravec, Vit"]
[Black "Sobotnik, Petr"]
[Result "1-0"]
[WhiteElo "2222"]
[BlackElo "2020"]
[PlyCount "69"]
[EventDate "2015.05.05"]
[WhiteClock "0:11:37"]
[BlackClock "0:01:30"]

1. c4 e5 2. Nf3 Nc6 3. Nc3 Nf6 4. g3 d6 5. d3 h6 6. Bg2 Be6 7. O-O Qd7 8. Rb1
Be7 9. b4 O-O 10. b5 Nd8 11. Qb3 Bh3 12. a4 Bxg2 13. Kxg2 Ne6 14. Ba3 Rfe8 15.
Ne4 Nxe4 16. dxe4 Ng5 17. Nxg5 hxg5 18. c5 Bf8 19. Rfd1 Re6 20. h3 Rd8 21. Qe3
Qe8 22. Qxg5 Be7 23. Qe3 a6 24. bxa6 bxa6 25. cxd6 Bxd6 26. Bxd6 Rexd6 27. Rxd6
Rxd6 28. a5 Rd4 29. Qf3 c5 30. Rb7 c4 31. Rc7 f6 32. e3 Rd8 33. Qg4 Qf8 34.
Qe6+ Kh8 35. Qxc4 1-0

[Event "Krajsky prebor jednotlivcu KHSS"]
[Site "Janske Lazne"]
[Date "2015.05.06"]
[Round "2.7"]
[White "Jedlicka, Lubos"]
[Black "Matejovsky, Ondrej"]
[Result "1-0"]
[WhiteElo "2210"]
[BlackElo "1975"]
[PlyCount "71"]
[EventDate "2015.05.05"]
[WhiteClock "0:02:08"]
[BlackClock "0:00:41"]

1. c4 e5 2. g3 Nf6 3. Bg2 c6 4. d4 Bb4+ 5. Nc3 d6 6. Nf3 Qe7 7. O-O O-O 8. Qb3
Ba5 9. Qa3 Bxc3 10. Qxc3 Bg4 11. dxe5 dxe5 12. Nxe5 Bh5 13. b3 Nbd7 14. Nxd7
Nxd7 15. h3 Qf6 16. Qd2 Qxa1 17. Bb2 Qxa2 18. Qc3 f6 19. Ra1 Qxa1+ 20. Bxa1
Rfe8 21. e3 Rad8 22. Qa5 Bg6 23. Bd4 Ne5 24. Qxa7 Rd7 25. f4 c5 26. fxe5 cxd4
27. e6 Rd6 28. exd4 Ra6 29. Qxb7 Ra1+ 30. Kh2 Ra2 31. Qd5 Kf8 32. Qd6+ Kg8 33.
Kg1 Re2 34. Bd5 Be4 35. Qd7 Kf8 36. Qf7# 1-0

[Event "Krajsky prebor jednotlivcu KHSS"]
[Site "Janske Lazne"]
[Date "2015.05.06"]
[Round "2.8"]
[White "Stradej, Vlastimil"]
[Black "Smajzr, Martin"]
[Result "0-1"]
[WhiteElo "2013"]
[BlackElo "2204"]
[PlyCount "108"]
[EventDate "2015.05.05"]
[WhiteClock "0:04:16"]
[BlackClock "0:08:35"]

1. e4 Nf6 2. d3 d6 3. Nf3 g6 4. g3 Bg7 5. Bg2 O-O 6. O-O e5 7. c4 Nc6 8. Nc3 h6
9. h3 Ne7 10. d4 Nd7 11. Be3 Kh7 12. Qd2 c6 13. Rfd1 Qc7 14. dxe5 dxe5 15. Qd6
Qxd6 16. Rxd6 Re8 17. Rad1 Nf8 18. c5 Be6 19. b3 f5 20. Bc1 fxe4 21. Nxe4 Bd5
22. Nc3 e4 23. Nxd5 cxd5 24. Nh2 Rec8 25. Be3 Rc6 26. Rxc6 bxc6 27. g4 Ne6 28.
b4 a5 29. a3 axb4 30. axb4 Rb8 31. Bd2 Kg8 32. Nf1 g5 33. f3 Bd4+ 34. Kh1 e3
35. Nxe3 Bxe3 36. Bxe3 Rxb4 37. Bf1 Ng6 38. Ra1 Ne5 39. Ra7 Kf8 40. Rh7 Nf7 41.
Bd3 Rb3 42. Bg6 Ned8 43. Bd4 Rxf3 44. Kg2 Rf4 45. Bf2 Kg8 46. Bg3 Rf6 47. Bd3
Ne6 48. Bd6 Nxd6 49. cxd6 Nf4+ 50. Kg3 Rxd6 51. Bf5 d4 52. h4 d3 53. Rd7 Rxd7
54. Bxd7 d2 0-1

[Event "Krajsky prebor jednotlivcu KHSS"]
[Site "Janske Lazne"]
[Date "2015.05.06"]
[Round "2.9"]
[White "Cap, Adam"]
[Black "Chalupecky, Vladimir"]
[Result "1-0"]
[WhiteElo "2195"]
[BlackElo "1962"]
[PlyCount "53"]
[EventDate "2015.05.05"]

1. e4 d6 2. d4 Nf6 3. Nc3 Nbd7 4. Nf3 e5 5. Bc4 h6 6. O-O c6 7. a4 a5 8. Qe2
Qc7 9. b3 exd4 10. Nxd4 Ne5 11. Bf4 b6 12. Rfd1 Bb7 13. Rd2 O-O-O 14. Rad1 Nxc4
15. Qxc4 g5 16. Bg3 Nh5 17. Nf5 Nxg3 18. hxg3 h5 19. Ne2 h4 20. Qd4 Rh7 21. c4
h3 22. Qf6 hxg2 23. Nxd6+ Bxd6 24. Qf5+ Kb8 25. Qxh7 Qe7 26. Qf5 Kc7 27. e5 1-0

[Event "Krajsky prebor jednotlivcu KHSS"]
[Site "Janske Lazne"]
[Date "2015.05.06"]
[Round "2.10"]
[White "Malinovsky, Petr"]
[Black "Kaderabek, Jiri"]
[Result "1/2-1/2"]
[WhiteElo "1969"]
[BlackElo "2171"]
[PlyCount "46"]
[EventDate "2015.05.05"]

1. d4 Nf6 2. c4 c5 3. d5 b5 4. cxb5 a6 5. bxa6 Bxa6 6. Nc3 d6 7. Nf3 g6 8. e4
Bxf1 9. Kxf1 Bg7 10. g3 Nbd7 11. Kg2 O-O 12. a4 Qb6 13. Qe2 Qb4 14. Re1 Nb6 15.
Bd2 Nc4 16. Na2 Qb3 17. Bc3 Qxa4 18. b3 Qxb3 19. Reb1 Qa4 20. Nc1 Na3 21. Rb3
Qxe4 22. Rbxa3 Rxa3 23. Rxa3 Qxe2 1/2-1/2

[Event "Krajsky prebor jednotlivcu KHSS"]
[Site "Janske Lazne"]
[Date "2015.05.06"]
[Round "2.11"]
[White "Valenta, Vit"]
[Black "Vit, Jakub"]
[Result "1-0"]
[WhiteElo "2167"]
[BlackElo "1720"]
[PlyCount "43"]
[EventDate "2015.05.05"]

1. Nf3 Nf6 2. c4 e6 3. b3 d5 4. Bb2 g6 5. g3 Bg7 6. Bg2 O-O 7. O-O Nbd7 8. d4
b6 9. Nc3 Bb7 10. e3 c5 11. Ne5 cxd4 12. exd4 a6 13. f4 Rc8 14. Rc1 Qe7 15. Re1
Nxe5 16. fxe5 Nd7 17. cxd5 exd5 18. Nxd5 Bxd5 19. Bxd5 h5 20. e6 Rxc1 21. exf7+
Rxf7 22. Qxc1 1-0

[Event "Krajsky prebor jednotlivcu KHSS"]
[Site "Janske Lazne"]
[Date "2015.05.06"]
[Round "2.12"]
[White "Tovarek, Antonin"]
[Black "Soural, Jan"]
[Result "1/2-1/2"]
[WhiteElo "1963"]
[BlackElo "2211"]
[PlyCount "148"]
[EventDate "2015.05.05"]

1. e4 c5 2. Nf3 e6 3. d4 cxd4 4. Nxd4 Nc6 5. Nc3 Qc7 6. Be2 a6 7. Be3 Nf6 8.
O-O Bb4 9. Na4 Be7 10. Nxc6 bxc6 11. Nb6 Rb8 12. Nxc8 Qxc8 13. Qd3 Qc7 14. b3
Rb4 15. c4 c5 16. f4 d6 17. Bd2 Rb8 18. Rae1 O-O 19. Bd1 Rfd8 20. Bc2 Nd7 21.
Bc3 Nf8 22. Qg3 Ng6 23. Qg4 Qd7 24. Rd1 Qc8 25. g3 Bf8 26. Rd2 Ne7 27. Rfd1 Nc6
28. Kg2 Qc7 29. Bf6 Rd7 30. e5 Nd4 31. exd6 Qc6+ 32. Kh3 Nxc2 33. Rxc2 h5 34.
Qg5 Qf3 35. Rcd2 Qg4+ 36. Kg2 Qxg5 37. Bxg5 f6 38. Bh4 Rbd8 39. g4 Rxd6 40.
Rxd6 Rxd6 41. Rxd6 Bxd6 42. Kf3 hxg4+ 43. Kxg4 Kf7 44. Bf2 Kg6 45. h3 f5+ 46.
Kf3 Kh5 47. Be1 g5 48. fxg5 Kxg5 49. a3 e5 50. b4 e4+ 51. Ke2 cxb4 52. axb4 f4
53. c5 Bc7 54. Bf2 Be5 55. Be1 Kf5 56. c6 Ke6 57. b5 axb5 58. Ba5 Bd4 59. h4
Kd6 60. c7 Kd7 61. h5 f3+ 62. Ke1 Bg7 63. Bd2 Kxc7 64. h6 Bh8 65. Kf2 Kd6 66.
Bb4+ Ke6 67. Ke3 Kf5 68. Bc5 Bb2 69. h7 Bc1+ 70. Kf2 Bb2 71. Ke3 Kg6 72. Kxe4
Kxh7 73. Kxf3 Kg6 74. Ke4 Kf6 1/2-1/2

[Event "Krajsky prebor jednotlivcu KHSS"]
[Site "Janske Lazne"]
[Date "2015.05.06"]
[Round "2.13"]
[White "Kabelka, Ondrej"]
[Black "Framberk, Jan"]
[Result "0-1"]
[WhiteElo "1737"]
[BlackElo "2050"]
[PlyCount "82"]
[EventDate "2015.05.05"]

1. e4 c5 2. Nf3 Nc6 3. d4 cxd4 4. Nxd4 g6 5. c4 Bg7 6. Be3 Nf6 7. Nc3 Ng4 8.
Qxg4 Nxd4 9. Qd1 Ne6 10. Bd3 O-O 11. O-O d6 12. Qd2 Nc5 13. Bc2 Be6 14. b3 Rc8
15. Rad1 Re8 16. f4 Qa5 17. Bd4 f6 18. Qe1 Bf7 19. Rf3 Ne6 20. Be3 a6 21. a4
Nf8 22. Bd2 Be6 23. Nd5 Qc5+ 24. Be3 Qc6 25. f5 Bf7 26. Qh4 b5 27. axb5 axb5
28. Bd3 g5 29. Bxg5 fxg5 30. Qxg5 Bxd5 31. Be2 Qc5+ 32. Kh1 Bxe4 33. Rg3 Qe5
34. Bh5 Red8 35. Re1 bxc4 36. h3 d5 37. Bf3 Ne6 38. Qg4 Bxf3 39. gxf3 Qxe1+ 40.
Rg1 Qxg1+ 41. Kxg1 c3 0-1

[Event "Krajsky prebor jednotlivcu KHSS"]
[Site "Janske Lazne"]
[Date "2015.05.06"]
[Round "2.14"]
[White "Dumkova, Daniela"]
[Black "Vystrcil, Martin"]
[Result "1/2-1/2"]
[WhiteElo "1698"]
[BlackElo "1999"]
[PlyCount "53"]
[EventDate "2015.05.05"]

1. Nf3 Nf6 2. c4 g6 3. g3 Bg7 4. Bg2 d6 5. d4 O-O 6. O-O Nbd7 7. Nc3 e5 8. e4
c6 9. h3 Qb6 10. dxe5 dxe5 11. Qc2 Qc7 12. Be3 b6 13. Rad1 Ba6 14. Qa4 Bb7 15.
Rd2 Rfe8 16. Rfd1 a5 17. Qc2 Bf8 18. Ne1 Bc5 19. Bxc5 Nxc5 20. Rd6 Ne6 21. R6d3
Rad8 22. Qe2 Rxd3 23. Nxd3 Ba6 24. b3 Rd8 25. Qe3 Nd7 26. Bf1 Nd4 27. Ne2
1/2-1/2

[Event "Krajsky prebor jednotlivcu KHSS"]
[Site "Janske Lazne"]
[Date "2015.05.06"]
[Round "2.15"]
[White "Ruzickova, Radka"]
[Black "Rojikova, Lenka"]
[Result "1/2-1/2"]
[WhiteElo "1777"]
[BlackElo "1969"]
[PlyCount "46"]
[EventDate "2015.05.05"]

1. e4 c5 2. Nc3 a6 3. g3 b5 4. a3 Bb7 5. Bg2 e6 6. d3 d5 7. exd5 exd5 8. d4 b4
9. axb4 cxb4 10. Nce2 Be7 11. Nf3 Nf6 12. Ne5 O-O 13. O-O Nbd7 14. Nf4 Rc8 15.
Re1 Re8 16. Bh3 Bd6 17. Bd2 Qc7 18. Nh5 Rcd8 19. Nxd7 Rxe1+ 20. Bxe1 Nxd7 21.
Qg4 g6 22. Qg5 Kh8 23. Bxd7 gxh5 1/2-1/2

[Event "Krajsky prebor jednotlivcu KHSS"]
[Site "Janske Lazne"]
[Date "2015.05.06"]
[Round "2.16"]
[White "Kotyza, Bohumil"]
[Black "Vorisek, Jakub"]
[Result "1-0"]
[WhiteElo "1872"]
[BlackElo "1675"]
[PlyCount "63"]
[EventDate "2015.05.05"]

1. d4 d5 2. Nf3 Bf5 3. Bf4 e6 4. e3 Nf6 5. Bd3 Bxd3 6. Qxd3 c5 7. dxc5 Qa5+ 8.
Nc3 Nc6 9. Qb5 Qxb5 10. Nxb5 Kd7 11. Ng5 Bxc5 12. Nxf7 Rhf8 13. Ne5+ Nxe5 14.
Bxe5 a6 15. Nd4 Bxd4 16. exd4 g6 17. f3 Kc6 18. Kd2 Nd7 19. Bg3 Rae8 20. Rae1
Rf5 21. Re3 Nb6 22. b3 Kd7 23. Rhe1 h5 24. Rc3 Na8 25. Re5 Rff8 26. Rg5 Rg8 27.
a4 Rc8 28. Rxc8 Kxc8 29. h4 Kd7 30. Be5 Nb6 31. g4 hxg4 32. fxg4 1-0

[Event "Krajsky prebor jednotlivcu KHSS"]
[Site "Janske Lazne"]
[Date "2015.05.06"]
[Round "2.17"]
[White "Pychova, Nela"]
[Black "Solc, Filip"]
[Result "1-0"]
[WhiteElo "1980"]
[BlackElo "1816"]
[PlyCount "93"]
[EventDate "2015.05.05"]

1. c4 Nf6 2. Nf3 g6 3. g3 Bg7 4. Bg2 d6 5. Nc3 O-O 6. O-O e5 7. d3 Nc6 8. Bd2
Nd7 9. Rb1 f5 10. b4 Nf6 11. b5 Ne7 12. Qb3 h6 13. a4 Rb8 14. Na2 Be6 15. Qa3
Nd7 16. Bb4 Bf7 17. Nd2 Re8 18. Nb3 b6 19. Bd2 d5 20. cxd5 Bxd5 21. Qc1 Bxg2
22. Kxg2 Nf6 23. Bxh6 Bxh6 24. Qxh6 Kf7 25. Qc1 Rh8 26. Qc4+ Kg7 27. Rh1 Qd7
28. h3 Rh7 29. Rbc1 Rc8 30. Nb4 Nfd5 31. Nc6 Nxc6 32. Qxc6 Qxc6 33. Rxc6 f4 34.
Re6 Rh5 35. g4 f3+ 36. Kxf3 Rf8+ 37. Kg3 Rhh8 38. Rxe5 Nc3 39. Nd4 Re8 40. Rxe8
Rxe8 41. Rc1 Nxa4 42. Rxc7+ Kf6 43. Rxa7 Nc5 44. h4 Ke5 45. Nc6+ Kd6 46. Rg7
Re6 47. Nd4 1-0

[Event "Krajsky prebor jednotlivcu KHSS"]
[Site "Janske Lazne"]
[Date "2015.05.06"]
[Round "2.18"]
[White "Tichy, Miroslav"]
[Black "Tsapanidis, Vasilis"]
[Result "1-0"]
[WhiteElo "1957"]
[BlackElo "1795"]
[PlyCount "63"]
[EventDate "2015.05.05"]

1. c4 g6 2. Nc3 Bg7 3. d4 d6 4. e4 Nc6 5. Be3 e5 6. Nge2 f6 7. Qd2 b6 8. f3 h5
9. d5 Nce7 10. b4 a5 11. b5 f5 12. Bg5 Nf6 13. O-O-O O-O 14. h3 fxe4 15. fxe4
Rf7 16. Ng1 Qf8 17. Be2 Nh7 18. Be3 Nf6 19. Nf3 Nh7 20. Rdf1 Bd7 21. Rhg1 Qc8
22. a4 Kh8 23. Ng5 Rxf1+ 24. Rxf1 Nxg5 25. Bxg5 Qe8 26. g4 hxg4 27. hxg4 Kg8
28. Qe1 Nc8 29. Qh4 Na7 30. Rh1 Kf7 31. Qh7 Qh8 32. Rf1+ 1-0

[Event "Krajsky prebor jednotlivcu KHSS"]
[Site "Janske Lazne"]
[Date "2015.05.06"]
[Round "2.19"]
[White "Neubauer, Vilem"]
[Black "Peniska, Pavel"]
[Result "0-1"]
[WhiteElo "1797"]
[BlackElo "1929"]
[PlyCount "62"]
[EventDate "2015.05.05"]

1. f4 c5 2. e4 Nc6 3. Nf3 g6 4. g3 Bg7 5. Bg2 Nf6 6. e5 Nd5 7. Ng5 Nc7 8. O-O
O-O 9. Qe1 d6 10. exd6 exd6 11. Kh1 Rb8 12. c3 Re8 13. Qf2 Bf5 14. Rg1 Qd7 15.
h3 h6 16. g4 Bxb1 17. Nxf7 Be4 18. Bxe4 Rxe4 19. d3 Re7 20. Nxh6+ Bxh6 21. Qg2
Rbe8 22. h4 Re2 23. Qf3 Qf7 24. c4 d5 25. g5 Bg7 26. h5 dxc4 27. dxc4 Qxc4 28.
hxg6 Qe4 29. Qxe4 R8xe4 30. Rf1 Bd4 31. Rb1 Ne5 0-1

[Event "Krajsky prebor jednotlivcu KHSS"]
[Site "Janske Lazne"]
[Date "2015.05.06"]
[Round "2.20"]
[White "Mladek, Richard"]
[Black "Cerny, David"]
[Result "1-0"]
[WhiteElo "1904"]
[BlackElo "1787"]
[PlyCount "95"]
[EventDate "2015.05.05"]

1. e4 c5 2. Nf3 d6 3. d4 cxd4 4. Qxd4 Nc6 5. Bb5 Bd7 6. Bxc6 Bxc6 7. Nc3 Nf6 8.
Bg5 e5 9. Qd3 Be7 10. O-O-O Qc7 11. Rhe1 O-O 12. Bxf6 Bxf6 13. Qxd6 Qxd6 14.
Rxd6 Rfd8 15. Red1 Rxd6 16. Rxd6 Be7 17. Rd1 f6 18. Nd5 Kf7 19. Nxe7 Kxe7 20.
Nd2 Rd8 21. f3 Bb5 22. c4 Ba6 23. a4 Rc8 24. b3 b5 25. axb5 Bxb5 26. Kb2 Bc6
27. Ra1 Rc7 28. Kc3 Ke6 29. Ra6 g6 30. b4 Ke7 31. Ra5 Ke6 32. b5 Bd7 33. Ra6+
Ke7 34. Kb4 Bc8 35. Ra2 f5 36. Nb3 fxe4 37. fxe4 Be6 38. Na5 Bd7 39. Rd2 Be8
40. c5 Ke6 41. c6 g5 42. Nb7 Bg6 43. Nc5+ Ke7 44. Rd5 Kf6 45. Nd7+ Ke7 46.
Rxe5+ Kd6 47. Rd5+ Ke6 48. Nf8+ 1-0

[Event "Krajsky prebor jednotlivcu KHSS"]
[Site "Janske Lazne"]
[Date "2015.05.06"]
[Round "2.21"]
[White "Bulockin, Martin"]
[Black "Stanek, Petr"]
[Result "1/2-1/2"]
[WhiteElo "1789"]
[BlackElo "1902"]
[PlyCount "77"]
[EventDate "2015.05.05"]

1. e4 c5 2. Nf3 Nc6 3. d4 cxd4 4. Nxd4 e5 5. Nb3 d6 6. Bc4 Be7 7. Nc3 Nf6 8.
O-O O-O 9. Be3 Ng4 10. Qe2 Nb4 11. Nd5 Nxd5 12. Bxd5 Nf6 13. Rad1 Nxd5 14. exd5
Bg5 15. c4 Bxe3 16. Qxe3 b6 17. f4 Re8 18. fxe5 Rxe5 19. Qf2 Rf5 20. Qd4 Qg5
21. Nd2 Qg4 22. Qxg4 Rxf1+ 23. Rxf1 Bxg4 24. Re1 Kf8 25. Kf2 Bf5 26. Ne4 Bxe4
27. Rxe4 Rc8 28. b3 Rc7 29. a3 a5 30. Ke3 f5 31. Re6 Re7 32. Rxe7 Kxe7 33. b4
axb4 34. axb4 g5 35. Kd4 f4 36. h4 h6 37. Ke4 Kf6 38. h5 Ke7 39. Kf5 1/2-1/2

[Event "Krajsky prebor jednotlivcu KHSS"]
[Site "Janske Lazne"]
[Date "2015.05.06"]
[Round "2.22"]
[White "Peroutka, Ivo"]
[Black "Tobiskova, Petra"]
[Result "0-1"]
[WhiteElo "1877"]
[BlackElo "1777"]
[PlyCount "75"]
[EventDate "2015.05.05"]

1. d4 Nf6 2. c4 e6 3. Nc3 d5 4. Nf3 c6 5. e3 dxc4 6. Bxc4 b5 7. Bd3 a6 8. Qc2
Bb7 9. Ne4 Nbd7 10. Bd2 Rc8 11. b4 Nxe4 12. Bxe4 Nf6 13. Rc1 Bd6 14. O-O Qd7
15. Bd3 O-O 16. Ne5 Qe7 17. a3 Rfd8 18. f4 g6 19. Be2 c5 20. bxc5 Bxe5 21. fxe5
Ne4 22. Bf3 Nxd2 23. Qxd2 Bxf3 24. Rxf3 Rxc5 25. Rxc5 Qxc5 26. Qa5 Qc1+ 27. Kf2
Rc8 28. Kg3 Qc6 29. Qb4 Qd7 30. h4 Rc4 31. Qb2 Ra4 32. Rf1 Qe7 33. Ra1 h5 34.
Qc3 Kg7 35. Qd3 g5 36. hxg5 Qxg5+ 37. Kf2 Qh4+ 38. Kf1 0-1

[Event "Krajsky prebor jednotlivcu KHSS"]
[Site "Janske Lazne"]
[Date "2015.05.06"]
[Round "2.23"]
[White "Jina, Lubos"]
[Black "Portych, Vaclav"]
[Result "0-1"]
[WhiteElo "1772"]
[BlackElo "1877"]
[PlyCount "80"]
[EventDate "2015.05.05"]

1. d4 Nf6 2. c4 e6 3. Nf3 b6 4. Nc3 Bb7 5. a3 c5 6. e3 d5 7. dxc5 Bxc5 8. b4
Be7 9. Bb2 O-O 10. cxd5 Nxd5 11. Nxd5 Bxd5 12. Be2 Nd7 13. O-O Rc8 14. Rc1 Bf6
15. Qd2 Rc7 16. Nd4 Rxc1 17. Rxc1 Qa8 18. Bf3 Ne5 19. Bxd5 Qxd5 20. Qe2 Rd8 21.
Ba1 h6 22. f4 Ng6 23. g3 Qe4 24. Qc2 Qxe3+ 25. Kg2 Bxd4 26. Rd1 Bf6 27. Bxf6
Rxd1 28. Qxd1 gxf6 29. Qa4 Qe4+ 30. Kh3 Qb7 31. Qd1 Kg7 32. Qe2 Qd5 33. Qa6
Qf5+ 34. Kg2 Qg4 35. Kf2 e5 36. Qxa7 Qe6 37. Kf3 exf4 38. gxf4 f5 39. Qa6 Qe4+
40. Kg3 Qxf4+ 0-1

[Event "Krajsky prebor jednotlivcu KHSS"]
[Site "Janske Lazne"]
[Date "2015.05.06"]
[Round "2.24"]
[White "Svec, Ludek"]
[Black "Havelka, Petr"]
[Result "1/2-1/2"]
[WhiteElo "1714"]
[BlackElo "1859"]
[PlyCount "58"]
[EventDate "2015.05.05"]

1. d4 d5 2. g3 Nf6 3. Bg2 e6 4. Nf3 Be7 5. c4 O-O 6. O-O Nbd7 7. cxd5 exd5 8.
Nc3 c6 9. Bf4 Nh5 10. Bd2 f5 11. e3 Nhf6 12. Ne2 Ne4 13. Nf4 Ndf6 14. Qc2 Re8
15. Nd3 Bd6 16. b4 Be6 17. Nc5 Rb8 18. Rfc1 Bf7 19. Be1 Nd7 20. Nxd7 Qxd7 21.
Qa4 a6 22. Rc2 h6 23. Rac1 g5 24. Qb3 Kg7 25. a4 Rec8 26. Qb2 Kg6 27. Ne5+ Bxe5
28. dxe5 g4 29. f4 Be6 1/2-1/2

[Event "Krajsky prebor jednotlivcu KHSS"]
[Site "Janske Lazne"]
[Date "2015.05.06"]
[Round "2.25"]
[White "Martinovsky, Miroslav"]
[Black "Palla, Rostislav"]
[Result "1-0"]
[WhiteElo "1854"]
[BlackElo "1740"]
[PlyCount "37"]
[EventDate "2015.05.05"]

1. d4 d5 2. Nf3 Nf6 3. c4 c6 4. cxd5 cxd5 5. Nc3 Bf5 6. Qb3 b6 7. Bg5 e6 8. e3
Be7 9. Bb5+ Nbd7 10. Ne5 a6 11. Bxd7+ Nxd7 12. Nc6 Qc7 13. Nxe7 Bd3 14. Ncxd5
exd5 15. Qxd3 Qd6 16. O-O h6 17. Nf5 Qg6 18. Bf4 O-O 19. Ne7+ 1-0